000 00675nam a2200169 4500
999 _c15801
_d15801
008 201127b ||||| |||| 00| 0 eng d
022 _a0730-3084
082 _aDPer 613.705 J863 Sept 2015-Apr 2016 v. 86-87
100 _aObrusnikova, Iva.
_942636
245 _aUsing video-based modeling to promote acquisition of fundamental motor skill/
_b
_cIva Obrusnikova and Peter J. Rattigan.
260 _aPhiladelphia:
_bShape America-Society of Health and Physical Educators,
_c©Sept 2015-Apr 2016.
300 _av87, n4, pages 24-29:
_billustrations;
_c28 cm.
500 _aJOPERD
650 _aAbility.
_942637
700 _aRattigan, P. J.
_eAuthor.
_942639
942 _2ddc
_cPER